Statistics for Figures From the 18th Century

Click here to take the quiz!

General Stats

  • This quiz has been taken 14,569 times
    (14,548 since last reset)
  • The average score is 11 of 20

Answer Stats

HintPerson% Correct
French king who was beheadedLouis XVI
93%
Musical genius of Salzburg and ViennaWolfgang Amadeus Mozart
92%
Wife of the above, famously misquoted as saying "Let them eat cake"Marie Antoinette
87%
Writer of the U.S. Declaration of IndependenceThomas Jefferson
86%
Mad king who lost Britain's American coloniesGeorge III
80%
Considered Russia's greatest female leaderCatherine the Great
79%
British explorer who "discovered" Hawaii and was killed thereCaptain Cook
76%
Almanac maker and bifocals inventorBenjamin Franklin
64%
Author of "The Wealth of Nations"Adam Smith
52%
"Incorruptible" French revolutionary with an affinity for the guillotineMaximilien de Robespierre
44%
Author of "Robinson Crusoe"Daniel Defoe
43%
Political theorist who wrote "Common Sense" and "Rights of Man"Thomas Paine
43%
The national poet of ScotlandRobert Burns
42%
King who made Prussia a great powerFrederick the Great
36%
Greatly improved the steam engineJames Watt
36%
Wrote "The Sorrows of Young Werther" and "Faust"Johann Wolfgang von Goethe
29%
Genevan philosopher who wrote about "The Social Contract"Jean-Jacques Rousseau
26%
Invented the smallpox vaccineEdward Jenner
23%
Writer of the pre-eminent English dictionary (at the time)Samuel Johnson
21%
Britain's first prime minister (de facto)Robert Walpole
17%

Score Distribution

Percentile by Number Answered

Percent of People with Each Score

Your Score History

You have not taken this quiz since the last reset